Search the Library Catalogue
| 000 -LEADER | |
|---|---|
| fixed length control field | 01282nam a2200229Ia 4500 |
| 008 - FIXED-LENGTH DATA ELEMENTS--GENERAL INFORMATION | |
| fixed length control field | 250326s9999 xx 000 0 und d |
| 020 ## - INTERNATIONAL STANDARD BOOK NUMBER | |
| ISBN | 9781284198980 |
| Paper back/Hardbound | pbk |
| 041 ## - LANGUAGE CODE | |
| Language code of text/sound track or separate title | eng |
| 082 ## - DEWEY DECIMAL CLASSIFICATION NUMBER | |
| Classification number | 352.480973 |
| Item number | LEE |
| 100 ## - MAIN ENTRY--AUTHOR NAME | |
| Personal name | Lee, Robert D. |
| 245 #0 - TITLE STATEMENT | |
| Title | Public budgeting systems |
| Statement of responsibility, etc | / Robert D. Lee, Ronald Wayne Johnson, Philip G. Joyce |
| 250 ## - EDITION STATEMENT | |
| Edition statement | 10th edition |
| 260 ## - PUBLICATION, DISTRIBUTION, ETC. (IMPRINT) | |
| Name of publisher | Jones & Bartlett Learning, Burlington: |
| Year of publication | 2021 |
| 300 ## - PHYSICAL DESCRIPTION | |
| Number of Pages | xv, 560 pages : illustrations ; 23 cm |
| 520 ## - SUMMARY, ETC. | |
| Summary, etc | The book is the most comprehensive and current treatment of what is the crucial topic that dictates the success or failure of governments at all levels. Current and prospective public managers, accordingly, often succeed or fail in their careers based in large part on whether they are intelligent consumers of financial data and have an adequate understanding of the budget process. By providing a detailed overview of all aspects of budgeting and financial management, the book enables students to gain an appropriate understanding of a complex topic |
| 650 ## - SUBJECT ADDED ENTRY--TOPICAL TERM | |
| Topical Term | Budget process United States |
| Topical Term | Program budgeting |
| Topical Term | Budget process United States |
| 700 ## - ADDED ENTRY--PERSONAL NAME | |
| Personal name | Johnson, Ronald Wayne ; Joyce, Philip G. Joyce |
| 942 ## - ADDED ENTRY ELEMENTS (KOHA) | |
| Koha item type | English Books |
| Withdrawn status | Lost status | Damaged status | Not for loan | Home library | Current library | Shelving location | Date acquired | Full call number | Accession Number | Price effective from | Koha item type |
|---|---|---|---|---|---|---|---|---|---|---|---|
| Anna Centenary Library | Anna Centenary Library | 4TH FLOOR, A WING | 26.03.2025 | 352.480973 LEE | 701419 | 26.03.2025 | Reference |